[Event "Olympic Open"]
[Site "SchemingMind.com"]
[Date "2008.08.09"]
[Round "-"]
[White "jake"]
[Black "lame wolf"]
[Result "0-1"]
[WhiteCountry "USA"]
[BlackCountry "INT"]
[WhiteElo "990"]
[WhiteRD "73"]
[BlackElo "1062"]
[BlackRD "47"]
[GameID "166669"]

1. e3 c6 2. d4 d5 3. Qd3 e6 4. e4 c5 5. dxc5 Bxc5 6. exd5 e5 7. Qb5+ Nd7 8. Nf3 a6 9. Bg5 axb5 10. Bxd8 Kxd8
11. Ng5 Nh6 12. Nxf7+ Nxf7 13. Nc3 Nd6 14. Rd1 b4 15. Ne4 Nxe4 16. Rd2 Nxd2 17. Kxd2 Nf6 18. d6 Bxd6 19. Bc4 Kd7 20. Re1 Ng4
21. f3 Nxh2 22. Bb5+ Ke6 23. Rh1 e4 24. fxe4 Nf3+ 25. Ke2 Nd4+ 26. Kd2 Rxa2 27. Kc1 Ra1+ 28. Kd2 Rxh1 29. Bc4+ Ke5 30. c3 bxc3+
31. bxc3 Nc6 32. Bb5 Rh2 33. Bxc6 Rxg2+
0-1

[Event "Olympic Open"]
[Site "SchemingMind.com"]
[Date "2008.08.09"]
[Round "-"]
[White "jake"]
[Black "mikewharvey"]
[Result "0-1"]
[WhiteCountry "USA"]
[BlackCountry "GBR"]
[WhiteElo "997"]
[WhiteRD "72"]
[BlackElo "1648"]
[BlackRD "91"]
[GameID "166671"]

1. Nc3 Nf6 2. d4 d5 3. Bf4 e6 4. Nf3 Nc6 5. e3 Bb4 6. Qd3 Ne4 7. Qb5 a6 8. Qe2 Nxc3 9. Qd3 Ne4+ 10. c3 Bd6
11. Ne5 Nxe5 12. dxe5 Be7 13. c4 Bb4+ 14. Ke2 Qh4 15. g3 Qh5+ 16. f3 Nc5 17. Qc2 f6 18. exf6 gxf6 19. cxd5 e5 20. Qb3 Nxb3
21. Rd1 exf4 22. gxf4 Bd7 23. axb3 O-O-O 24. Rd4 Bb5+ 25. Kd1 Qxf3+ 26. Be2 Qxh1+ 27. Kc2 Qe1 28. Rxb4 Qxe2+ 29. Kc1 Bd3 30. Rd4 Qc2#
0-1

[Event "Olympic Open"]
[Site "SchemingMind.com"]
[Date "2008.08.09"]
[Round "-"]
[White "jake"]
[Black "Lazaro"]
[Result "0-1"]
[WhiteCountry "USA"]
[BlackCountry "CUB"]
[WhiteElo "997"]
[WhiteRD "72"]
[BlackElo "1695"]
[BlackRD "80"]
[GameID "166672"]

1. e4 Nf6 2. Qf3 e5 3. Bc4 Nc6 4. Bxf7+ Kxf7 5. Nc3 Nd4 6. Qe3 Nxc2+ 7. Ke2 Nxe3 8. dxe3 d5 9. Nf3 Bg4 10. exd5 e4
11. Nxe4 Nxe4 12. Rd1 Ng5 13. e4 Nxe4 14. Bf4 Ng5 15. Rac1 Nxf3 16. gxf3 Qe7+ 17. Kf1 Bh3+ 18. Kg1 Rc8 19. Re1 Qxe1+ 20. Rxe1 Bd6
21. Bd2 Rhe8 22. Rc1 Re5 23. Rc4 Rxd5 24. f4 Rxd2 25. Re4 Rd1+ 26. Re1 Rxe1#
0-1

[Event "Olympic Open"]
[Site "SchemingMind.com"]
[Date "2008.08.09"]
[Round "-"]
[White "jake"]
[Black "kwabena"]
[Result "0-1"]
[WhiteCountry "USA"]
[BlackCountry "ENG"]
[WhiteElo "990"]
[WhiteRD "73"]
[BlackElo "1633"]
[BlackRD "75"]
[GameID "166673"]

1. d3 d5 2. Nc3 h6 3. e4 d4 4. Nb5 a6 5. Nxd4 Qxd4 6. Nf3 Qd8 7. Bf4 e6 8. Ne5 Nf6 9. Nxf7 Kxf7 10. Be2 Bd6
11. e5 Bxe5 12. Bxe5 Nbd7 13. Bd4 c5 14. Bc3 b5 15. Bf3 Rb8 16. O-O Re8 17. Re1 Bb7 18. Re3 Qc7 19. Bh5+ g6 20. Be2 Kg8
21. d4 Rbd8 22. Rh3 h5 23. dxc5 Nxc5 24. Bxf6 Rxd1+ 25. Rxd1 Ne4 26. Bxh5 gxh5 27. Rxh5 Qxc2 28. Rh8+ Kf7 29. Rxe8 Qxd1#
0-1

[Event "Olympic Open"]
[Site "SchemingMind.com"]
[Date "2008.08.09"]
[Round "-"]
[White "jake"]
[Black "Sixmax"]
[Result "0-1"]
[WhiteCountry "USA"]
[BlackCountry "DEN"]
[WhiteElo "990"]
[WhiteRD "73"]
[BlackElo "2106"]
[BlackRD "84"]
[GameID "166674"]

1. Nf3 b6 2. d3 Bb7 3. Ne5 e6 4. c4 f5 5. e4 Nf6 6. exf5 exf5 7. Bg5 Bb4+ 8. Nc3 O-O 9. a3 Bxc3+ 10. bxc3 Re8
11. Qe2 d6 12. Qe3 Rxe5 13. Rb1 Rxe3+ 14. Bxe3 Nbd7 15. Be2 d5 16. cxd5 Nxd5 17. Bd2 Qe7 18. c4 Re8 19. Rb5 Qxe2#
0-1

[Event "Olympic Open"]
[Site "SchemingMind.com"]
[Date "2008.08.09"]
[Round "-"]
[White "jake"]
[Black "shaykins"]
[Result "0-1"]
[WhiteCountry "USA"]
[BlackCountry "ISR"]
[WhiteElo "990"]
[WhiteRD "73"]
[BlackElo "1959"]
[BlackRD "155"]
[GameID "166675"]

1. e4 c5 2. Nc3 Nc6 3. Bc4 Nf6 4. Bxf7+ Kxf7 5. Nb5 a6 6. Nc3 e5 7. Nf3 d5 8. exd5 Nxd5 9. Ne4 Be7 10. d4 exd4
11. Nxd4 Nxd4 12. Nxc5 Bxc5 13. Qh5+ g6 14. Qe5 Be6 15. O-O Re8 16. Be3 Nc6 17. Qe4 Bf5 18. Qc4 Bxe3 19. fxe3 Re4 20. Qe2 Qb6
21. Rad1 Rxe3 22. Qc4 Re4+ 23. Rd4 Rxd4 24. Qe2 Rd2+ 25. Rf2 Rxe2
0-1

[Event "Olympic Open"]
[Site "SchemingMind.com"]
[Date "2008.08.09"]
[Round "-"]
[White "lame wolf"]
[Black "jake"]
[Result "0-1"]
[WhiteCountry "INT"]
[BlackCountry "USA"]
[WhiteElo "1062"]
[WhiteRD "47"]
[BlackElo "990"]
[BlackRD "73"]
[GameID "166676"]

1. d4 Nc6 2. d5 Nb4 3. c4 c5 4. a3 Qa5 5. Qb3 b5 6. e3 Nc2+ 7. Ke2 Nxa1 8. Kf3 bxc4 9. Qc3 Qb6 10. Qxc4 Qf6+
11. Ke2 d6 12. f4 e5 13. Bd2 exf4 14. Bc3 Bg4+ 15. Kd2 Qf5 16. Bd3 fxe3+ 17. Kxe3 Qg5+ 18. Qf4 h6 19. Qxg5 hxg5 20. Bb5+ Bd7
21. Bxd7+ Kxd7 22. Nd2 Nf6 23. Ngf3 Nc2+ 24. Kd3 Nxd5 25. Kxc2 Nxc3 26. bxc3 Rb8 27. Nxg5 Rh4 28. Nxf7 Rf4 29. Ng5 Rf5 30. Nge4 d5
31. Nxc5+ Kc6 32. Nd3 Bxa3 33. g4 Rf6 34. g5 Re6 35. Nf4 Re3 36. Rb1 Rf8 37. Nf1 Rxf4 38. Nxe3 Rf2+ 39. Kb3 Bc5 40. h4 Bxe3
41. c4 dxc4+ 42. Kxc4 Rf4+
0-1

[Event "Olympic Open"]
[Site "SchemingMind.com"]
[Date "2008.08.10"]
[Round "-"]
[White "mikewharvey"]
[Black "jake"]
[Result "1-0"]
[WhiteCountry "GBR"]
[BlackCountry "USA"]
[WhiteElo "1648"]
[WhiteRD "91"]
[BlackElo "997"]
[BlackRD "72"]
[GameID "166678"]

1. c4 e6 2. Nc3 d5 3. d4 Bb4 4. Nf3 dxc4 5. e4 f5 6. exf5 exf5 7. Bxc4 Nc6 8. O-O Nf6 9. a3 Na5 10. Re1+ Ne4
11. axb4 Nxc4 12. Nxe4 fxe4 13. Rxe4+ Kf8 14. Bg5 Nxb2 15. Qb3 Bd7 16. Bxd8 Rxd8 17. Qxb2 Bf5 18. Rf4 Rd5 19. g4 Ke8 20. Rxf5 c6
21. Rxa7 g6 22. Rxd5 cxd5 23. Ra8+
1-0

[Event "Olympic Open"]
[Site "SchemingMind.com"]
[Date "2008.08.09"]
[Round "-"]
[White "Lazaro"]
[Black "jake"]
[Result "1-0"]
[WhiteCountry "CUB"]
[BlackCountry "USA"]
[WhiteElo "1569"]
[WhiteRD "69"]
[BlackElo "1028"]
[BlackRD "77"]
[GameID "166679"]

1. e4 Nf6 2. e5 Ne4 3. d4 Nxf2 4. Kxf2 e6 5. Nf3 Nc6 6. Bd3 Nb4 7. c3 Nxd3+ 8. Qxd3 d6 9. Rf1 dxe5 10. Nxe5 Qf6+
11. Kg1 Qh4 12. Nxf7 Rg8 13. Ne5 Bd6 14. Bf4 Rf8 15. Bg3 Qg5 16. Nd2 Bxe5 17. Rxf8+ Kxf8 18. Bxe5 Bd7 19. Rf1+ Ke7 20. Nf3 Qg4
21. Qe3 Rf8 22. Qg5+ Ke8 23. Qxg4 Bc6 24. Qxe6+ Kd8 25. Bxc7+ Kxc7 26. Qe7+ Bd7 27. Qxf8 a5 28. Ne5 Bb5 29. Rf7+ Kb6 30. Qc5+ Ka6
31. Rf8 b6 32. Qc8+ Ka7 33. Qa8#
1-0

[Event "Olympic Open"]
[Site "SchemingMind.com"]
[Date "2008.08.09"]
[Round "-"]
[White "kwabena"]
[Black "jake"]
[Result "1-0"]
[WhiteCountry "ENG"]
[BlackCountry "USA"]
[WhiteElo "1633"]
[WhiteRD "75"]
[BlackElo "990"]
[BlackRD "73"]
[GameID "166680"]

1. d4 Nc6 2. Bf4 e6 3. e3 Bb4+ 4. c3 Bxc3+ 5. bxc3 e5 6. dxe5 Qh4 7. Nf3 Qe7 8. Bb5 d6 9. Bxc6+ bxc6 10. exd6 g5
11. Bxg5 f6 12. dxe7 Nxe7 13. Bxf6 Kf7 14. Bxh8 Ng6 15. Bd4 Rb8 16. O-O Rb2 17. Qa4 Bf5 18. Ng5+ Kg8 19. Qxc6 Nh4 20. Qe8#
1-0

[Event "Olympic Open"]
[Site "SchemingMind.com"]
[Date "2008.08.09"]
[Round "-"]
[White "Sixmax"]
[Black "jake"]
[Result "1-0"]
[WhiteCountry "DEN"]
[BlackCountry "USA"]
[WhiteElo "2106"]
[WhiteRD "84"]
[BlackElo "990"]
[BlackRD "73"]
[GameID "166681"]

1. e4 e5 2. Nf3 Bd6 3. d4 Qf6 4. Be3 Bb4+ 5. c3 exd4 6. Bxd4 Bd6 7. Bxf6 gxf6 8. Bc4 Nc6 9. Qb3 Na5 10. Bxf7+ Kf8
11. Qd5 Nh6 12. Bh5 Rg8 13. Qxa5 Rxg2 14. Na3 b6 15. Qd5 Ng4 16. Qf7#
1-0

[Event "Olympic Open"]
[Site "SchemingMind.com"]
[Date "2008.08.09"]
[Round "-"]
[White "shaykins"]
[Black "jake"]
[Result "1-0"]
[WhiteCountry "ISR"]
[BlackCountry "USA"]
[WhiteElo "1959"]
[WhiteRD "155"]
[BlackElo "990"]
[BlackRD "73"]
[GameID "166682"]

1. e4 d6 2. d4 e5 3. Nf3 Bg4 4. dxe5 f5 5. exf5 dxe5 6. Qxd8+ Kxd8 7. Nxe5 Bb4+ 8. c3 Bc5 9. Nxg4 Nf6 10. Bg5 Nc6
11. Nxf6 Rf8 12. Nxh7+ Ke8 13. Nxf8 Kxf8 14. Nd2 Re8+ 15. Kd1 Re5 16. Bd3 Bxf2 17. Kc2 Nb4+ 18. cxb4 Bd4 19. Rae1 Rd5 20. Be7+ Kf7
21. Bc4 c6 22. Bxd5+ Ke8 23. Bc5+ Kd8 24. Bxd4 cxd5 25. Bxg7
1-0